Pemahaman dan penghayatan sejarah melayu

Bibliographic Details
Main Author: Ahmad Mahmood Musanif
Format: Book
Published: Kajang : Masa Enterprise , 1992
Series:Siri Ulasan Dan Kajian Masa
Subjects:

MARC

LEADER 00000cam a2200000 7i4500
001 0000018936
002 000020590
005 20000330.0
020 |a 9839041037 
090 0 0 |a 899.2807   |b AHM 
100 0 |a Ahmad Mahmood Musanif 
245 1 0 |a Pemahaman dan penghayatan sejarah melayu   |c Ahmad Mohmood Musanif 
260 |a Kajang :   |b Masa Enterprise ,   |c 1992 
300 |a 157p. ;   |c 12cm. 
490 0 |a Siri Ulasan Dan Kajian Masa 
650 0 0 |a Sejarah Melayu   |x STPM 
999 |a 00070272   |b BUKU   |c PINJAMAN   |e PERPUSTAKAAN KOMUNITI PETALING JAYA 
999 |a 00070273   |b BUKU   |c PINJAMAN   |e PERPUSTAKAAN KOMUNITI PETALING JAYA 
999 |a 040205   |b BUKU   |c PINJAMAN   |e PERPUSTAKAAN KOMUNITI PETALING JAYA 
999 |a 040206   |b BUKU   |c PINJAMAN   |e PERPUSTAKAAN KOMUNITI PETALING JAYA